000 01170cam a2200313 a 4500
001 2979802
003 OSt
005 20150226133842.0
008 921113s1993 pauaf b 001 0 eng
010 _a 92049057
020 _a0812116437
040 _aDNLM/DLC
_cDLC
_dDLC
050 0 0 _aRB45
_b.B76 1993
060 0 _aWH 25 B877h
082 0 0 _aWH 25 B77h 1995
_220
100 1 _aBrown, Barbara A.
_92977
245 1 0 _aHematology :
_bprinciples and procedures /
_cBarbara A. Brown ; [contributors, chapters 2, 6, and color plates, Rouette C. Hunter, chapter 7, Alison O'Hare, chapters 5 and 6, Gloriana Erim].
250 _a6th ed.
260 _aPhiladelphia :
_bLea & Febiger,
_c1993.
300 _axvii, 452 p., [10] p. of plates :
_bill. ;
_c26 cm.
504 _aIncludes bibliographical references (p. 427-433) and index.
650 0 _aBlood
_xExamination.
_92978
650 0 _aHematology
_xTechnique.
_92979
650 2 _aHematologic Diseases
_xdiagnosis
_xlaboratory manuals.
_92980
650 2 _aHematology
_xinstrumentation
_xlaboratory manuals.
_92981
906 _a7
_bcbc
_corignew
_d1
_eocip
_f19
_gy-gencatlg
942 _2z
_cSLOAN
999 _c1099
_d1099